No spray scheme boosts wildlife (Record no. 1671)

MARC details
000 -LEADER
fixed length control field 01042cab a2200229 4500
001 - CONTROL NUMBER
control field ABS37196
008 - FIXED-LENGTH DATA ELEMENTS--GENERAL INFORMATION
fixed length control field 090401t1986 xxu||||| |||| 00| 0 eng d
035 ## - SYSTEM CONTROL NUMBER
System control number (Sirsi) u2778
041 ## - LANGUAGE CODE
Language code of text/sound track or separate title eng
245 ## - TITLE STATEMENT
Title No spray scheme boosts wildlife
260 ## - PUBLICATION, DISTRIBUTION, ETC.
Date of publication, distribution, etc. 1986
350 ## - PRICE (NR) (BK AM CF MU VM SE) [OBSOLETE]
Price 0
490 ## - SERIES STATEMENT
Series statement British Farmer
Volume/sequential designation , October 1986, 14(1)
520 ## - SUMMARY, ETC.
Summary, etc. A conservation project started less than three years ago shows that game and wildlife thrive if farmers spare a six metre wide strip round the edge of cereal fields when spraying. The potential yield loss is small but wildlife benefits are considerable and a management technique to increase grey partridge numbers has been developed. The project is run by the Game Conservancy and is financed by subscriptions from farmers and landowners and a grant from the Natural Environment Research Council .
650 ## - SUBJECT ADDED ENTRY--TOPICAL TERM
Topical term or geographic name entry element CEREALS AND GAMEBIRDS RESEARCH PROJECT
650 ## - SUBJECT ADDED ENTRY--TOPICAL TERM
Topical term or geographic name entry element CONSERVATION
650 ## - SUBJECT ADDED ENTRY--TOPICAL TERM
Topical term or geographic name entry element FARMING
650 ## - SUBJECT ADDED ENTRY--TOPICAL TERM
Topical term or geographic name entry element WILDLIFE
690 ## - LOCAL SUBJECT ADDED ENTRY--TOPICAL TERM (OCLC, RLIN)
Topical term or geographic name as entry element RURAL PRACTICE
942 ## - ADDED ENTRY ELEMENTS (KOHA)
Suppress in OPAC 0
948 ## - LOCAL PROCESSING INFORMATION (OCLC); SERIES PART DESIGNATOR (RLIN)
c (OCLC) 04/03/1997
Holdings
Withdrawn status Lost status Source of classification or shelving scheme Damaged status Not for loan Home library Current library Shelving location Date acquired Total Checkouts Full call number Barcode Date last seen Copy number Price effective from Koha item type
    Dewey Decimal Classification     London London Journal article 14/09/1999   ABS37196 2778-1001 06/08/2019 1 06/08/2019 Journal article